ბათუმის შოთა რუსთაველის სახელმწიფო უნივერსიტეტის ბიბლიოთეკა

მსოფლიო ლიტერატურა : (ბიბ.ჩანაწერი № 40590)

000 -ლიდერი
ფიქსირებული სიგრძის საკონტროლო ველი 01051nam a2200229Ia 4500
001 - საკონტროლო ნომერი
საკონტროლო ველი 7215
003 - საკონტროლო ნომრის იდენტიფიკატორი
საკონტროლო ველი GE_BSU
005 - ბოლო ოპერაციის თარიღი და დრო
საკონტროლო ველი 20230912114911.0
008 - ფიქსირებული სიგრძის მონაცემთა ელემენტები - ზოგადი ინფორმაცია
ფიქსირებული სიგრძის საკონტროლო ველი 181216s2008||||ge |||||||||||||| ||geo||
010 ## - კონგრესის ბიბლიოთეკის საკონტროლო ნომერი
LC საკონტროლო ნომერი 9789992842577
040 ## - კატალოგიზაციის წყარო
Transcribing agency GE_BSU
041 ## - ენის კოდი
Language code of text/sound track or separate title geo
080 ## - უნივერსალური ათობითი კლასიფიკაციის ინდექსი
Universal Decimal Classification number 821-32 მ-90
245 ## - ცნობა სათაურის შესახებ
Title მსოფლიო ლიტერატურა :
Remainder of title რჩეული მოთხრობები ტ.5 /
Statement of responsibility, etc ავტ-შემდგ. : მურღულია გია, ბეჟუაშვილი ბეგო ; გამოც. მთ. რედ. ბეგო ბეჟუაშვილი.
264 ## - წარმოების, გამოცემის, დისტრიბუციის და სხვა ცნობები
გამოცემის, წარმოების, დისტრიბუციის... ადგილი თბილისი :
გამოცემის, წარმოების, დისტრიბუციის... სახელწოდება დია,
გამოცემის, წარმოების, დისტრიბუციის... თარიღი 2008
300 ## - ფიზიკური აღწერა
Extent 376 გვ. :
Other physical details ილ. ;
Dimensions 22 სმ.
653 ## - INDEX TERM--UNCONTROLLED
Uncontrolled term მსოფლიო ლიტერატურა
700 ## - ADDED ENTRY--PERSONAL NAME
Personal name მურღულია, გია
Relator term ავტორ-შემდგენელი
9 (RLIN) 19802
700 ## - ADDED ENTRY--PERSONAL NAME
Personal name ბეჟუაშვილი, ბეგო
Relator term ავტორ-შემდგენელი
9 (RLIN) 19787
942 ## - ADDED ENTRY ELEMENTS (KOHA)
Koha item type წიგნი
Source of classification or shelving scheme
ეგზემპლარები
ჩამოწერის სტატუსი დაკარგული ეგზემპლარის სტატუსი კლასიფიკაციის წყარო ან თაროზე გაწყობის სქემა დაზიანების სტატუსი არ გაიცემა მუდმივი მდებარეობა (დაცვის ადგილი) ამჟამინდელი ადგილსამყოფელი თაროზე განთავსების ადგილი შეძენის თარიღი ღირებულება, შესყიდვის ნორმალური ფასი სრული შენახვის შიფრი შტრიხკოდი ბოლო ოპერაციის თარიღი ეგზემპლარის მიმდევრობითი ნომერი (კეტერი?) ფასის ძალაში შესვლის თარიღი ეგზემპლარის სახეობა საჯარო შენიშვნა
          ბათუმის შოთა რუსთაველის სახელმწიფო უნივერსიტეტის მთავარი ბიბლიოთეკა ბათუმის შოთა რუსთაველის სახელმწიფო უნივერსიტეტის მთავარი ბიბლიოთეკა წიგნსაცავი 2018-12-17 12.00 821-32 მ-90 22611 2018-12-17 22611 2018-12-17 წიგნი 12.00 ₾.
          ბათუმის შოთა რუსთაველის სახელმწიფო უნივერსიტეტის მთავარი ბიბლიოთეკა ბათუმის შოთა რუსთაველის სახელმწიფო უნივერსიტეტის მთავარი ბიბლიოთეკა წიგნსაცავი 2018-12-17 14.00 821-32 მ-90 47901 2018-12-17 47901 2018-12-17 წიგნი 14.00 ₾.